Statistical information regarding the working of the maintenance of internal security act,1971 (Record no. 495797)

000 -LEADER
fixed length control field 00417cam a22001097a 4500
008 - FIXED-LENGTH DATA ELEMENTS--GENERAL INFORMATION
fixed length control field 180718b1973 xxu||||| |||| 00| 0 eng d
082 ## - DEWEY DECIMAL CLASSIFICATION NUMBER
Classification number Q86x54 In2 1971
245 ## - TITLE STATEMENT
Title Statistical information regarding the working of the maintenance of internal security act,1971
Statement of responsibility, etc. by Ministry of Home Affairs
260 ## - PUBLICATION, DISTRIBUTION, ETC.
Place of publication, distribution, etc. New Delhi
Name of publisher, distributor, etc. The Manager Government India Press
Date of publication, distribution, etc. 1973
300 ## - PHYSICAL DESCRIPTION
Extent 24p.
700 ## - ADDED ENTRY--PERSONAL NAME
Personal name India.Ministry of Home Affairs
Holdings
Withdrawn status Lost status Damaged status Not for loan Permanent Location Current Location Date acquired Full call number Barcode Date last seen Price effective from Koha item type
        Indian Institute of Public Administration Indian Institute of Public Administration 2018-08-04 Q86x54 In2 1971 GG13759 2018-08-04 2018-08-04 GG

Powered by Koha